00634 2200217 4500001002100000005001500021035002000036007000300056008004100059020002200100082001000122084001600132100002000148245011600168260004600284300002800330650001100358700002300369990001200392990001200404INLIS00000000000194920180516030049 a0010-0518000019ta180516 g 0 ind  a978-602-03-1155-5 a391.2 a391.2 LIL 30 aLILLY, T. Erwin1 a30 Gaya Hijab Paduan Busana Denim dengan Kain Nusantara + Tutorial /cLilly T. Erwin; editor, Intarina Hardiman aJakarta :bGramedia Pustaka Utama,c[s.a] a67 hlm :bilus ;c23 cm aJILBAB0 aINTARINA, Hardiman a16793 a a16793 b